Movies Quiz

Random Movies or Disney Quiz

Disney Characters by Concept Art Quiz Stats

 Plays Quiz Updated Feb 17, 2015

Score 0/20 Timer 07:00
2 Plays Today
Number Character % Correct
4Cruella De Vil (101 Dalmatians)
91.7%
18Pocahontas (Pocahontas)
79.2%
8Belle (Beauty and the Beast)
78.2%
6Jane (Tarzan)
77.2%
16Mulan (Mulan)
69.8%
5Jasmine (Aladdin)
67.5%
13Megara (Hercules)
66%
17Tiana (The Princess and the Frog)
65.4%
14Cinderella (Cinderella)
65%
10Aladdin (Aladdin)
61%
Number Character % Correct
20Genie (Aladdin)
53.1%
2Aurora (Sleeping Beauty)
52.7%
7Ariel (The Little Mermaid)
46%
12John Smith (Pocahontas)
44.5%
15Maleficent (Sleeping Beauty)
44.4%
11Beast (Beauty and the Beast)
43%
19Esmeralda (The Hunchback of Notre Dame)
41.4%
1Gaston (Beauty and the Beast)
37.4%
9Ursula (The Little Mermaid)
35.6%
3Mother Gothel (Tangled)
9.6%

You're not logged in!

Compare scores with friends on all Sporcle quizzes.
OR
Log In

Show Comments

Extras

Top Quizzes Today


Score Distribution

Your Account Isn't Verified!

In order to create a playlist on Sporcle, you need to verify the email address you used during registration. Go to your Sporcle Settings to finish the process.

Report this User

Report this user for behavior that violates our Community Guidelines.

Details: